000 00917 a2200217 4500
001 23697
005 20260407155523.0
008 260407a1982 arg spa d
003 AR-UNSa-BCEJYS
040 _aAR-UNSa-BCEJYS
_bspa
_cAR-UNSa-BCEJYS
080 _a658.012.4
_xGestión. Dirección. Autoridad. Técnicas y métodos de gestión (gestión del conocimiento, Outsourcing, Benchmarking...)
245 1 0 _aLa gerencia en tiempos dificiles
020 _a950-02-3536-6
250 _a2a. ed
264 1 _aBuenos Aires :
_bEl Ateneo
_c1982
300 _a184 p.
_c23 cm.
505 _a1. Dirigiendo los elementos fundamentales - 2. Dirigiendo para el mañana - 3. Dirigiendo el cambio oceánico: la nueva estructura de la población y la nueva dinámica de la población - 4. La gerencia en ambientes turbulentos
942 _cBK
590 _aniveau_biblio:m niveau_hierar:0
100 1 _aDrucker, Peter Ferdinand
999 _c1122
_d1122